000 00496 a2200181 4500
001 132665
003 OSt
005 20220127104205.0
008
082 _a658.15
_bT13F
100 1 _aTailor, R. K.
245 1 _aFundamentals of finance and management
_cby R.K. Tailor and Amiya K Mohapatra
260 _aJaipur
_bPrateeksha Publications
_c2011
300 _a262p.
690 _aFinancial management;
700 _aMohapatra, Amiya K.
942 _2ddc
_cBK
999 _c7019
_d7019